| 000 | 01113pam a2200337 a 4500 | ||
|---|---|---|---|
| 001 | 3887315 | ||
| 003 | OSt | ||
| 005 | 20140310182519.0 | ||
| 008 | 900705s1990 nyua b 000 0 eng c | ||
| 010 | _a 90008860 | ||
| 020 | _a978818448492 | ||
| 040 |
_aDNLM/DLC _cDLC _dDLC |
||
| 050 | 0 | 0 |
_aRC 280 _b.R313 2009 |
| 060 | _aWL 17 B256p | ||
| 082 | 0 | 0 | _a612.8/2 |
| 100 | 1 |
_aJ JAGan Mohan Reddy. _99286 |
|
| 245 | 1 | 0 |
_aPractical atlas of MRI : _cJ JAGan Mohan Reddy. |
| 260 |
_aNew York : _bRaven Press, _cc1990. |
||
| 300 |
_a677 p. : _bill. ; _c28 cm. |
||
| 504 | _aIncludes bibliographical references. | ||
| 650 | 0 |
_aBrain _xGrowth _xAtlases. _99287 |
|
| 650 | 0 |
_aBrain _xMagnetic resonance imaging _xAtlases. _99288 |
|
| 650 | 0 |
_aNewborn infants _xAnatomy _xAtlases. _99289 |
|
| 650 | 2 |
_aBrain _xgrowth & development _xatlases. _99290 |
|
| 650 | 2 |
_aMagnetic Resonance Imaging _xin infancy & childhood _xatlases. _99291 |
|
| 700 | 1 |
_aTruwit, Charles L. _99292 |
|
| 906 |
_a7 _bcbc _corignew _d1 _eocip _f19 _gy-gencatlg |
||
| 942 |
_2lcc _cSSLC |
||
| 999 |
_c13996 _d13996 |
||